LEADER 01066nam0 22002771i 450 001 SUN0025840 005 20061013120000.0 010 $a88-13-21138-4 100 $a20041018d1998 |0itac50 ba 101 $aita 102 $aIT 105 $a|||| ||||| 200 1 $aˆIl ‰principio contabile della prevalenza della sostanza sulla forma$fRoberto Maglio 210 $aPadova$cCEDAM$d1998 215 $aVIII, 116 p.$d24 cm. 606 $aContabilità$xTeorie$2FI$3SUNC011698 620 $dPadova$3SUNL000007 676 $a657.01$v21 700 1$aMaglio$b, Roberto$3SUNV021587$0374386 712 $aCEDAM$3SUNV005537$4650 801 $aIT$bSOL$c20181109$gRICA 912 $aSUN0025840 950 $aUFFICIO DI BIBLIOTECA DEL DIPARTIMENTO DI ECONOMIA$d03 PREST IIBf187 $e03 6984 995 $aUFFICIO DI BIBLIOTECA DEL DIPARTIMENTO DI ECONOMIA$bIT-CE0106$h6984$kPREST IIBf187$op$qa 996 $aPrincipio contabile della prevalenza della sostanza sulla forma$9466744 997 $aUNICAMPANIA LEADER 02063nam0 22004213i 450 001 UBO0119134 005 20231121125851.0 020 $aIT$b1930 8573 100 $a20071213d1930 ||||0itac50 ba 101 | $aita 102 $ait 181 1$6z01$ai $bxxxe 182 1$6z01$an 200 1 $aRinaldo Rigola e il movimento operaio nel biellese$eautobiografia 210 $aBari$cG. Laterza & figli$d1930 215 $a205 p.$d21 cm 225 | $aBiblioteca di cultura moderna$v189 300 $aIn testa al frontespizio: Saggio sulla storia del movimento operaio 312 $aTit. del dorso: ˜Il œmovimento operaio nel biellese$9LIG0030238 410 0$1001CFI0000481$12001 $aBiblioteca di cultura moderna$v189 517 1 $a˜Il œmovimento operaio nel biellese$9LIG0030238 517 1 $aSaggio sulla storia del movimento operaio$9RAV0186733 606 $aMovimento operaio$xBiella$xStoria$2FIR$3CFIC043284$9I 676 $a322.20945$9Movimento operaio. Italia$v20 700 1$aRigola$b, Rinaldo$3RAVV055278$4070$0137813 801 3$aIT$bIT-01$c20071213 850 $aIT-RM1251 $aIT-RM0460 $aIT-RM0314 $aIT-FR0017 $aIT-RM0526 $aIT-RM0574 899 $aFONDAZIONE GIUSEPPE EMANUELE E VERA MODIGLIANI$bRM1251 899 $aBiblioteca Dell' Archivio Centrale Dello Stato$bRM0460 899 $aBiblioteca delle Infrastrutture e della mobilità sostenibili$bRM0314 899 $aBiblioteca umanistica Giorgio Aprea$bFR0017 899 $aBiblioteca dell?Istituto Centrale per il Patrimonio Immateriale$bRM0526 899 $aBiblioteca del Consiglio nazionale dell'economia e del lavoro$bRM0574 912 $aUBO0119134 950 0$aBiblioteca umanistica Giorgio Aprea$d 52DES 322 Rig.Rin.$e 52SBA0000167835 VMB RS $fA $h20131029$i20131029 977 $a 15$a 27$a 31$a 52$a 58$a 61 996 $aRinaldo Rigola e il movimento operaio nel biellese$93639597 997 $aUNICAS